Estado de la población mundial / (Registro nro. 3280)
[ vista simple ]
| 000 -CABECERA | |
|---|---|
| Campo de control | 01456cam a2200289 a 4500 |
| 005 - FECHA Y HORA DE LA ULTIMA TRANSACCION | |
| Campo de control | 20171103115413.0 |
| 008 - ELEMENTOS DE LONGITUD FIJA—INFORMACION GENERAL | |
| Campo de control | 991025m19992004nyuado r 000 0 spa d |
| 040 ## - FUENTE DE CATALOGACIÓN | |
| Agencia catalogadora original | CO-BoPUJ |
| Agencia transcriptora | CO-BoIAVH |
| Agencia Modificadora | CO-BoIAVH |
| 041 0# - IDIOMA | |
| Código de idioma para texto/pista de sonido o título separado | Español |
| 044 ## - PAÍS DE PUBLICACIÓN | |
| País de publicación | Colombia |
| 082 04 - NUMERO DE CLASIFICACION DECIMAL DEWEY | |
| Número de clasificación | 304.60727 |
| Número del ítem | F67h |
| 110 2# - ASIENTO PRINCIPAL--NOMBRE CORPORATIVO | |
| Nombre corporativo o de jurisdicción como elemento de entrada | Fondo de Población de las Naciones Unidas |
| 9 (RLIN) | 86607 |
| 245 10 - MENCION DE TITULO | |
| Título | Estado de la población mundial / |
| Mención de responsabilidad | Fondo de Población de las Naciones Unidas |
| 260 ## - PUBLICACION, DISTRIBUCION, ETC. (PIE DE IMPRENTA) | |
| Lugar de publicación, distribución, etc. | Nueva York (EE.UU.) : |
| Nombre del editor, distribuidor, etc. | FNUAP, |
| Fecha de publicación, distribución, etc. | 1999-2004. |
| 300 ## - DESCRIPCION FISICA | |
| Extensión | 3 volúmenes : |
| Otros detalles físicos | ilustraciones, gráficas, fotos y tablas ; |
| Dimensiones | 27 x 21 cm. |
| 500 ## - NOTA GENERAL | |
| Nota general | Informes anuales para : 1999, 2001, 2004. |
| 505 0# - NOTA DE CONTENIDO | |
| Miscellaneous information | 1999. |
| Title | 6 mil millones es hora de optar. -- |
| Miscellaneous information | 2001. |
| Title | Huellas e hitos : población y cambio del medio ambiente. -- |
| Miscellaneous information | 2004. |
| Title | Consenso de El Cairo, diez años después : población, salud reproductiva y acciones mundiales para eliminar la pobreza. |
| 650 26 - ASIENTO SECUNDARIO DE MATERIA - TERMINO TEMATICO | |
| Término temático o nombre geográfico como elemento de entrada | Población |
| Subdivisión de forma | Estadísticas |
| 9 (RLIN) | 86608 |
| 650 26 - ASIENTO SECUNDARIO DE MATERIA - TERMINO TEMATICO | |
| Término temático o nombre geográfico como elemento de entrada | Reproducción humana |
| Subdivisión de forma | Estadísticas |
| 9 (RLIN) | 86609 |
| 650 26 - ASIENTO SECUNDARIO DE MATERIA - TERMINO TEMATICO | |
| Término temático o nombre geográfico como elemento de entrada | Crecimiento demográfico |
| Subdivisión de forma | Estadísticas |
| 9 (RLIN) | 86610 |
| 650 26 - ASIENTO SECUNDARIO DE MATERIA - TERMINO TEMATICO | |
| Término temático o nombre geográfico como elemento de entrada | Indicadores sociales |
| Subdivisión de forma | Estadísticas |
| 9 (RLIN) | 86611 |
| 650 26 - ASIENTO SECUNDARIO DE MATERIA - TERMINO TEMATICO | |
| Término temático o nombre geográfico como elemento de entrada | Indicadores económicos |
| Subdivisión de forma | Estadísticas |
| 9 (RLIN) | 86612 |
| 740 0# - ASIENTO SECUNDARIO - TITULOS RELACIONADOS /ANALITICOS NO CONTROLADOS | |
| Título relacionado o analítico no controlado | 6 mil millones es hora de optar |
| 740 0# - ASIENTO SECUNDARIO - TITULOS RELACIONADOS /ANALITICOS NO CONTROLADOS | |
| Título relacionado o analítico no controlado | Huellas e hitos: población y cambio del medio ambiente |
| 740 0# - ASIENTO SECUNDARIO - TITULOS RELACIONADOS /ANALITICOS NO CONTROLADOS | |
| Título relacionado o analítico no controlado | Consenso de El Cairo, diez años después : población, salud reproductiva y acciones mundiales para eliminar la pobreza. |
| 942 ## - ELEMENTOS ADICIONALES (KOHA) | |
| Sistema de clasificación | Dewey Decimal Classification |
| Tipo de ítem | Libro |
| Withdrawn status | Lost status | Sistema de Clasificación | Damaged status | No para préstamo | Colección | Inventariado | Ubicación Permanente | Ubicación actual | Fecha de adquisición | Fuente de Valor | Valor | Total Checkouts | Número topográfico | Inventario / Código de Barras | Date last seen | Ejemplar | Price effective from | Forma de adquisición | Tipo de material |
|---|---|---|---|---|---|---|---|---|---|---|---|---|---|---|---|---|---|---|---|
| Dewey Decimal Classification | General | Inventariado 2017 | Sala Fabio Quevedo | Sala Fabio Quevedo | 29/04/2003 | Instituto | 39000.00 | LB-304.60727 F67h | 003529 | 04/12/2012 | V.1 Ej.1 | 04/12/2012 | Donación | Libro |